| 000 | 00663nam a2200205Ia 4500 | ||
|---|---|---|---|
| 003 | GCL | ||
| 008 | 140319s9999 xx 000 0 ara d | ||
| 040 |
_aGCL / _cGCL |
||
| 082 | 0 | 4 |
_a641.7 _bب س |
| 100 | 1 | _aماريان بلاكر | |
| 245 | 1 | 0 |
_aالماكولات الصحية للقلب السليم / _cماريان بلاكر |
| 700 | 1 | _aمركز التعريب والترجمة | |
| 260 |
_a[S.N] : _bالدار العربية للعلوم ، _c1992 |
||
| 300 | _a96 ص | ||
| 490 |
_aسلسلة المطبخ العالمى _v0 |
||
| 650 | 0 | 4 | _aالاقتصاد المنزلى |
| 650 | 0 | 4 | _aالتغذية |
| 650 | 0 | 4 | _aالطهى |
| 942 |
_2ddc _cBK |
||
| 999 |
_c58457 _d58457 |
||